| 000 | 01717nam a2200445Ii 4500 | ||
|---|---|---|---|
| 001 | DIGUAL0113 | ||
| 003 | NyNyDIG | ||
| 006 | m o d | ||
| 007 | cr ||||||||||| | ||
| 008 | 131101s1997 sp ab ob 000 0 spa d | ||
| 020 | _z8479083190 | ||
| 020 | _z9788479083199 | ||
| 035 | _a(OCoLC)606508960 | ||
| 040 |
_aDGITA _beng _epn _cDGITA |
||
| 043 | _ae-sp--- | ||
| 050 | 1 | 4 | _aDP302.A165 eBook |
| 100 | 1 | _aJover Maestre, Francisco Javier. | |
| 245 | 1 | 0 |
_aArqueología de la muerte : _bprácticas funerarias en los límites de El Argar / _cFrancisco Javier Jover Maestre, Juan Antonio López Padilla. |
| 264 | 1 |
_a[Alicante] : _bPublicaciones de la Universidad de Alicante, _c1997. |
|
| 300 |
_a1 online resource (128 pages): _bill., maps. |
||
| 336 |
_atext _btxt _2rdacontent |
||
| 337 |
_acomputer _bc _2rdamedia |
||
| 338 |
_aonline resource _bcr _2rdacarrier |
||
| 490 | 1 | _aPublicaciones de la Universidad de Alicante. | |
| 504 | _aIncludes bibliographical references (p. 119-128). | ||
| 650 | 0 |
_aTombs _zSpain _zAlicante (Province) |
|
| 650 | 0 |
_aExcavations (Archaeology) _zSpain _zAlicante (Province) |
|
| 650 | 0 |
_aBronze age _zSpain _zAlicante (Province) |
|
| 650 | 0 |
_aBurial _zSpain _zAlicante (Province) |
|
| 651 | 0 |
_aAlicante (Spain : Province) _xAntiquities. |
|
| 651 | 0 | _aArgar Site (Spain) | |
| 655 | 0 | _aElectronic books. | |
| 700 | 1 | _aLópez Padilla, Juan Antonio. | |
| 791 | 2 |
_aDigitalia (Firm), _edistributor. |
|
| 830 | 0 | _aPublicaciones de la Universidad de Alicante. | |
| 793 | 0 |
_gDigitalia eBook Collection: _aUniv. de Alicante. |
|
| 856 | 4 | 0 |
_3Digitalia Hispánica _uhttps://www.digitaliapublishing.com/a/558/ |
| 910 | _aPremium Collection: 2007-2012 | ||
| 942 | _cRAA | ||
| 999 |
_c229574 _d229574 |
||